000 00370nam a2200133Ia 4500
008 220204s9999 xx 000 0 und d
082 _a531.3
_bFRO
100 _aFrost, Arthur A
245 0 _aKinetics and mechanism: A study of homogeneous chemical reactions
250 _aEd.2
260 _aNew Delhi
_bWiley Eastern
_c1961
700 _aPearson, Ralph G
942 _cBK
999 _c30260
_d30260